| 000 | 00575nam a22001937a 4500 | ||
|---|---|---|---|
| 003 | OSt | ||
| 005 | 20130614121415.0 | ||
| 008 | 130514s2006 sp ||||| |||| 00| 0 spa d | ||
| 020 | _a8447531198 | ||
| 040 | _cCDMR | ||
| 100 | 1 |
_93409 _aVilalta i Casas, Jaume |
|
| 245 | 1 | 3 |
_aEl espíritu del reportaje _cJaume Vilalta i Casas |
| 260 |
_aBarcelona _bPublicacions i Edicions de la Universitat de Barcelona _c2006 |
||
| 300 | _a275 p. | ||
| 490 | 0 |
_aComunicació activa _v1 |
|
| 650 | 0 | 4 |
_93352 _aReportatges |
| 650 | 0 | 4 |
_9433 _aTelevisió _xProducció i direcció |
| 942 |
_2udc _cMON |
||
| 999 |
_c6230 _d6230 |
||